| 000 | 00457nam a2200169Ia 4500 | ||
|---|---|---|---|
| 008 | 210210b1986 xxu||||| |||| 00| 0 eng d | ||
| 020 | _a0 86131 611 8 | ||
| 082 | _a321.80954 JOSI | ||
| 100 | _aJOSHI (Ram) & Others. | ||
| 245 | _aIndian constitution & its working. | ||
| 250 | _a | ||
| 260 |
_aHyderabad _bOrient Longman Ltd _c1986 |
||
| 300 | _av,236 | ||
| 650 | _aIndian constituion | ||
| 690 | _aIndian Constitution & Government | ||
| 906 | _a043025 | ||
| 999 |
_c92350 _d92350 |
||